000 00649nam a2200181Ia 4500
008 090630s9999 xx 000 0 und d
082 _b12189
100 _aडॉ. गोडबोले अ. के.
245 _aऎकू कमी येते का ?.
_cडॉ. गोडबोले अ. के.
260 _bअनमोल पुणे.
_c1993
300 _a99
600 _aडॉ. गोडबोले अ. के.
630 _aऎकू कमी येते का ?.
655 _aइतर.
700 _aडॉ. गोडबोले अ. के.
730 _aऎकू कमी येते का ?.
942 _cBOOK
999 _c264045
_d264045